Every Country to win a Paralympic Medal: Snooker - Statistics

General Stats
  • This quiz has been taken 8 times
  • The average score is 4 of 7
Answer Stats
# of Medals Country % Correct
2 Australia
88%
18 Great Britain
88%
4 Ireland
75%
1 Canada
63%
3 Italy
50%
2 USA
50%
3 Malta
13%
No matching quizzes found
Score Distribution
Percent of People with Each Score
Percentile by Number Answered
Your Score History
You have not taken this quiz